We're In Love - boygenius (Lyrics) - Statistics

General Stats
  • This quiz has been taken 50 times
  • The average score is 245 of 293
Answer Stats
Answer % Correct
a
100%
and
100%
And
100%
be
100%
could
100%
do
100%
I
100%
(I
100%
if
100%
If
100%
in
100%
In
100%
it
100%
It
100%
know
100%
me
100%
me?
100%
my
100%
no
100%
that
100%
the
100%
to
100%
we
100%
You
100%
you
100%
break
95%
don't
95%
hear
95%
heart
95%
how
95%
I'm
95%
is
95%
like
95%
love
95%
not
95%
of
95%
say
95%
So
95%
so
95%
That's
95%
we're
95%
absolutely
91%
but
91%
down
91%
I'll
91%
knife
91%
need
91%
out
91%
put
91%
still
91%
Will
91%
will
91%
your
91%
anyway
86%
blood
86%
feel
86%
on
86%
one
86%
our
86%
Some
86%
turns
86%
what
86%
you'll
86%
Cold
82%
enough
82%
help
82%
insane?
82%
Isn't
82%
stripped
82%
swapping
82%
been
77%
never
77%
scar
77%
skin?
77%
you've
77%
about
73%
bathers
73%
crazy
73%
ever
73%
future
73%
helps
73%
lives
73%
man
73%
October
73%
painting
73%
past
73%
run
73%
symbol
73%
told
73%
TV
73%
walk
73%
wasn't
73%
ways
73%
with
73%
along
68%
boy
68%
doesn't
68%
every
68%
feeling
68%
flattering
68%
have
68%
hope
68%
listened
68%
lonely
68%
mattered
68%
pink
68%
porcelain
68%
Sing
68%
sings
68%
song
68%
trash
68%
am
64%
carnation
64%
looks
64%
pinned
64%
sad
64%
wrote
64%
checking
59%
hell
59%
it's
59%
karaoke
59%
lapel
59%
life
59%
makes
59%
next
59%
once
59%
regular
59%
Who
59%
words
59%
asks
55%
can't
55%
Damn
55%
find
55%
go
55%
Go
55%
part?
55%
play
55%
rewrite
55%
all
50%
always
50%
for
50%
eyes
45%
may
45%
remember
45%
same
45%
smile
45%
something
45%
There
45%
try
45%
without
45%
hummingbirds
41%
imagine
41%
ones
41%
ones)
41%
recognise
41%
remind
41%
winter
41%
halo
36%
scorpion
36%
baby
32%
lunar
32%
took
32%
until
32%
back
27%
comes
27%
Redwoods
23%
No matching quizzes found
Score Distribution
Percent of People with Each Score
Percentile by Number Answered
Your Score History
You have not taken this quiz